Les Villes Quasi-Mondiales - Statistiques

Statistiques générales
  • Ce quiz a été pris 188 fois
  • Le résultat moyen est 7 sur 24
Statistiques - réponses
Pays Ville % Correct
Sénégal Dakar
71%
Côte d'Ivoire Abidjan
66%
Bahamas Nassau
63%
Macédoine du Nord Skopje
63%
Nicaragua Managua
42%
Cameroun Douala
40%
Italie Florence
39%
Nigeria Abuja
38%
Suisse Lausanne
35%
Royaume-Uni Leeds
34%
Botswana Gaborone
32%
Turquie Izmir
23%
Canada Edmonton
20%
États-Unis Las Vegas
19%
Brésil Porto Alegre
18%
Indonésie Surabaya
17%
Royaume-Uni Southampton
16%
États-Unis Kansas City
8%
Taïwan Kaohsiung
7%
États-Unis Raleigh
5%
États-Unis Hartford
4%
Malaisie Labuan
4%
Chine Ningbo
4%
Mexique Santiago de Querétaro
2%
Aucun quiz correspondant
Distribution des résultats
% des personnes avec chaque résultat
Percentile par nombre de réponses
Votre historique - résultats
Vous n’avez pas pris ce quiz